Score 0/40 Timer 05:00
1 Play Today
Historical Figure Missing Word % Correct
Neil _____Armstrong
98%
Abraham _____ Lincoln
94.2%
Anne _____Frank
92.8%
_____ Elizabeth IIQueen
91.7%
Jack the _____ Ripper
91.1%
Michael 'Mick' _____ Jagger
89.7%
Wolfgang Amadeus _____Mozart
89.6%
_____ the TerribleIvan
88.5%
Malcolm _____X
87.3%
King _____ VIIIHenry
87.2%
J.R.R. _____Tolkien
85%
Amelia _____ Earhart
82.6%
_____ S. GrantUlysses
80.5%
Louis _____Pasteur
79.3%
_____ WhitmanWalt
78.7%
George Bernard _____Shaw
78.1%
Harriet _____ StoweBeecher
74.3%
_____ the ConquerorWilliam
74.1%
_____ FawkesGuy
73%
Saint _____Valentine
71.3%
Historical Figure Missing Word % Correct
_____ CarnegieAndrew
65.4%
_____ AlighieriDante
63.6%
Simón _____Bolívar
62.2%
Pancho _____Villa
61.8%
Hernán _____Cortés
54.9%
Peter Carl _____ Fabergé
53.9%
_____ CollinsMichael
42.4%
_____ BradleyOmar
41%
Emperor _____Caligula
37.8%
James _____ Naismith
36.7%
Karl _____ Benz
32.4%
Sun _____Tzu
32.1%
Giuseppe _____Garibaldi
19.1%
Jomo _____ Kenyatta
18.4%
Alexander _____Pushkin
17.8%
Ernest _____Rutherford
16.5%
Mohammed _____ PahlaviReza
15%
_____ EisensteinSergei
14.1%
Isoroku _____Yamamoto
12.8%
_____ HeZheng
6.5%

Today's Daily Dose

Remove Ads.
Support Sporcle.
Get the best of Sporcle when you Go Orange. This ad-free experience offers more features, more stats, and more fun while also helping to support Sporcle. Thank you for becoming a member.

You're not logged in!

Compare scores with friends on all Sporcle quizzes.
OR
Log In

Show Comments

Extras

Top Quizzes Today


Score Distribution

Your Account Isn't Verified!

In order to create a playlist on Sporcle, you need to verify the email address you used during registration. Go to your Sporcle Settings to finish the process.

Report this User

Report this user for behavior that violates our Community Guidelines.

Details: